000 00780nas a2200265 4500
001 BR0203701
003 BR-BrBNA
005 20231205103124.0
007 ta
008 230509b bl.|||p| |||| 00| 00por d
040 _aBR-BrBNA
_bpor
_cBiblioteca Nacional de Agricultura
041 _a(Pt)
072 _aP35
100 1 _aSampaio, R.A.
100 1 _aBarreto, C.M.
100 1 _aCavalcanti, L.F.
100 1 _aRocha, J.A.N.
245 1 _aPerdas de sais e água de um solo irrigado tratado com gesso agrícola
650 _aÁGUA DO SOLO
650 _aGESSO
650 _aLIXIVIAÇÃO
773 0 _tAgropecuária Técnica (Brazil)
_xISSN 0100-7467
_g(Jan-Dec 1989), v. 10(1-2) p. 84-93
_wBR0203701
909 _a202311
_bLúcia
_c55
_dLúcia Elande
942 _2AGRIS
_n0
_cANA
999 _c171192
_d171192